|
|
|
|
| LEADER |
00807nam a22002292aa4500 |
| 001 |
001107804 |
| 003 |
CZ BrMZK |
| 005 |
20100728101546.0 |
| 007 |
ta |
| 008 |
100728s1926 fr er|||||||||||fre d |
| 040 |
|
|
|a BOA001
|b cze
|
| 100 |
1 |
|
|a Chateaubriand, François-René de,
|d 1768-1848
|7 ola2002112613
|4 aut
|
| 245 |
1 |
4 |
|a Les Martyrs /
|c François-René de Chateaubriand
|
| 260 |
|
|
|a Paris :
|b Hatier,
|c 1926
|
| 300 |
|
|
|a 2 sv.
|
| 505 |
0 |
|
|a t. 1, livre 1-12. 96 s. -- t. 2, livre 13-24. 80 s.
|
| 910 |
|
|
|a BOA001
|b 1-0271.767
|s 1-2
|
| 990 |
|
|
|a BK
|
| 993 |
|
|
|a Y
|
| 991 |
|
|
|b 201007
|
| 996 |
7 |
|
|b 2619376994
|c 1-0271.767
|d Tome 2
|v 2
|l MZK
|r Sklad / do 1 hodiny
|n 0
|w 001135123
|u 000020
|a 1
|e BOA001
|j MZK50
|s A
|
| 996 |
7 |
|
|b 2619376995
|c 1-0271.767
|d Tome 1
|v 1
|l MZK
|r Sklad / do 1 hodiny
|n 0
|w 001135123
|u 000010
|a 1
|e BOA001
|j MZK50
|s A
|